000
00482nam a2200145Ia 4500
008
100204s9999 xx 000 0 und d
082
_b
12126
100
_a
वाळिंबे शरदचंद्र्र
245
_a
जहरी मृत्यु
260
_b
"रावजी प्रकाशन , डोंबिवली"
_c
1989
300
_a
154
630
_a
जहरी मृत्यु
730
_a
जहरी मृत्यु
942
_c
BOOK
999
_c
456559
_d
456556